عرض عادي
عرض مارك
- Pilbeam, Keith,
مدخل إسم شخص
001 - رقم الضبط
- حقل الضبط: 17779
003 - معرف رقم الضبط
- حقل الضبط: OSt
005 - تاريخ ووقت أخر عملية
- حقل الضبط: 20121130021444.0
008 - عناصر بيانات ثابتة الطول
- حقل تحكم ثابت الطول: 121130|||a|||||| | ||| d
040 ## - مصدر الفهرسة
- هيئة الفهرسة الأصلية: OSt
- وكالة الكتابة: OSt
100 ## - مدخل -- أسم شخص
- إسم شخص: Pilbeam, Keith,
- تواريخ مرتبطة بالاسم: 1961-
670 ## - بيانات المصدر موجوده
- الاستشهاد بالمصدر: Work cat.: (OSt)0: Pilbeam, Keith, 1961-, Finance & financial markets /, 2010.
